| 000 | 00462nam a2200181Ia 4500 | ||
|---|---|---|---|
| 008 | 230917s9999||||xx |||||||||||||| ||und|| | ||
| 020 | _cRS1295 | ||
| 040 |
_e211828 _aMAIN |
||
| 041 | _aEnglish | ||
| 082 | _a342 J199P(6) | ||
| 100 | _aJain, M P | ||
| 245 | 0 | _aPrinciples of administrative law | |
| 250 | _a6th ed. | ||
| 260 |
_aGurgaon _bLexiNexis _c2013 |
||
| 300 | _acxlvi, 1100 p. | ||
| 500 | _a3857 31/10/2013 123 23/11/2013 Main Budget | ||
| 942 | _cBK | ||
| 999 |
_c34026 _d34026 |
||